| 000 | 01099cam a2200229 4500 | ||
|---|---|---|---|
| 001 | ABS66896 | ||
| 008 | 030808n2003 000 0 eng u | ||
| 035 | _a(Sirsi) u123238 | ||
| 100 | _aMann, W. | ||
| 245 | _aFlood defences: special report | ||
| 260 | _c2003 | ||
| 490 |
_aContract Journal _v419(6437) 30 July 2003, 14-17(4) |
||
| 520 | _aThree articles on flood defences. "A sea change in policy" examines the topic of sustainable managementof land flooding, perhaps by allowing land to flood naturally; "SUDS up" looks at the aim of the Environment Agency to promote wider adoption of sustainable urban drainage systems; "Shoring up the Sow" reports on the recent flood defence work on the River Sow in Stafford, the first full project in the Environment Agency's National Contractors Framework Agreement. | ||
| 590 | _aABS | ||
| 650 | _aENVIRONMENT AGENCY | ||
| 650 | _aFLOODING | ||
| 650 | _aSUSTAINABLE URBAN DRAINAGE SYSTEMS | ||
| 650 | _aSUSTAINABLE MANAGEMENT | ||
| 690 | _aENVIRONMENTAL AND LAND CONSULTANCY-ENVIRONMENTAL MANAGEMENT | ||
| 700 | _aFaulkner, G. | ||
| 942 | _n0 | ||
| 999 |
_c73190 _d73190 |
||